Economics /

Salvato in:
Dettagli Bibliografici
Autori principali: Samuelson, Paul A (Autore), Nordhaus, William D (Autore)
Natura: Libro
Lingua:inglese
Pubblicazione: New York : McGraw-Hill, 1992
Edizione:14.vyd.
Tags: Aggiungi Tag
Nessun Tag, puoi essere il primo ad aggiungerne!!

MARC

LEADER 00000nam a22000003a 4500
001 stu30173
005 20150617225734.4
008 970403s1992----xxu-----------------eng-d
020 |a 0-07-054879-X 
040 |a STU  |b slo 
041 0 |a eng 
044 |a xxu 
080 |a 330  |7 stu_us_auth*stu7629 
100 1 |a Samuelson, Paul A  |4 aut 
245 1 |a Economics /  |c [aut]Samuelson,Paul A.;Nordhaus,William D 
250 |a 14.vyd. 
260 |a New York :  |b McGraw-Hill,  |c 1992 
300 |a 42,784 s 
700 1 |a Nordhaus, William D  |4 aut 
996 |b 284V026832  |c V*43708/O-19007  |l VVT  |s A  |a 24  |w stu30173_0001